000 00690nam a22002057a 4500
003 OSt
005 20150408114009.0
008 120314t xxu||||| |||| 00| 0 eng d
020 _a9789957820404
040 _aMU
_bara
_cMB
082 _221
_a657
_bح ز م
100 _aالحدرب ، زهير ابراهيم
_99870
245 _aمحاسبة التكاليف
_cزهير ابراهيم الحدرب ، عامر عبدالله
250 _aط. 1.
260 _aعمان، الأردن
_bدار البداية
_c2010
300 _a212 ص
_bايض
_c24 سم.
650 _aالمحاسبة الادارية
_99871
650 _aالمحاسبة المالية
_99671
942 _2ddc
_cBOOK
999 _c21038
_d255538